12 de octubre, Día de las Culturas: Costa Rica, una sociedad pluricultural (Registro nro. 13336)
[ vista simple ]
| 000 -CABECERA | |
|---|---|
| campo de control de longitud fija | 00629nam a22002177a 4500 |
| 005 - FECHA Y HORA DE ACTUALIZACIÓN | |
| campo de control | 20220406140905.0 |
| 008 - LONGITUD FIJA | |
| campo de control de longitud fija | 160427b xxu||||| |||| 00| 0 spa d |
| 020 ## - INTERNATIONAL STANDARD BOOK NUMBER | |
| Número Internacional Estándar del Libro | 9789968464079 |
| 041 ## - IDIOMA | |
| Código de idioma del texto/pista de sonido o título separado | |
| 082 ## - CLASIFICACIÓN DECIMAL DEWEY | |
| Número de clasificación | 972.860.2 |
| Número de documento/Ítem | B973b |
| 100 ## - AUTOR PERSONAL | |
| Nombre de persona | Bozzoli V., María Eugenia |
| 245 ## - TÍTULO PROPIAMENTE DICHO | |
| Título | 12 de octubre, Día de las Culturas: Costa Rica, una sociedad pluricultural |
| 260 ## - PIE DE IMPRENTA | |
| Lugar de publicación, distribución, etc. | Costa Rica |
| Nombre del editor, distribuidor, etc. | EUCR |
| Fecha de publicación, distribución, etc. | 1996 |
| 300 ## - DESCRIPCIÓN FÍSICA | |
| Extensión | 66 páginas |
| 650 ## - Materia General | |
| Materia general | COSTA RICA |
| 650 ## - Materia General | |
| Materia general | HISTORIA |
| 650 ## - Materia General | |
| Materia general | DÍA DE LAS CULTURAS |
| 650 ## - Materia General | |
| Materia general | ETNOLOGÍA |
| 650 ## - Materia General | |
| Materia general | RELACIONES RACIALES |
| 942 ## - Punto de Acceso Adicional Koha | |
| Tipo de ítem Koha | Libro |
| Estado perdido | Estado dañado | No para préstamo | Biblioteca permanente | Biblioteca actual | Signatura completa | Código de barras | Precio efectivo a partir del | Tipo de ítem |
|---|---|---|---|---|---|---|---|---|
| Departamento de Biblioteca y Documentación Alfonso Chase Brenes | Departamento de Biblioteca y Documentación Alfonso Chase Brenes | 972.860.2 B973b | 4237 | 06/04/2022 | Libro |